000 00786nam a2200217Ii 4500
003 JO-AjNU
008 230605s9999||||xx |||||||||||||| ||und||
017 _a2004/4/837
020 _a9957-36-002-7
040 _aJO-AjNU
_bara
_erda
_cJO-AjNU
041 _aara
050 1 4 _aBP75.2.M872 2005
100 3 _aمصطفى، اسامة نعيم، تدقيق : مثنى عبد الفتاح,
_eauthor
_916007
245 0 0 _aوصايا الرسول لكل مسلم يبحث عن السعادة
264 3 1 _aعمان: دار الاسرة للنشر والتوزيع، 2005
300 _a80ص
336 _atext
_btxt
_2rdacontent
337 _aunmediated
_bn
_2rdamedia
338 _avolume
_bnc
_2rdacarrier
650 4 _aالثقافة الاسلامية- السيرة النبوية
_916008
999 _aA4650
_c8218
_d8218